Biggest Cities in Southern Africa - Statistics

General Stats
  • This quiz has been taken 78 times
  • The average score is 12 of 25
Answer Stats
Population City % Correct
4.62m Cape Town
100%
5.78m Johannesburg
99%
1.53m Harare
96%
2.57m Pretoria
96%
8.33m Luanda
95%
2.77m Lusaka
93%
3.16m Durban
92%
1.11m Maputo
92%
1.25m Port Elizabeth
82%
1.12m Lilongwe
70%
709k East London
49%
932k Blantyre
44%
638k Bulawayo
44%
715k Benguela
29%
778k Cabinda
19%
686k Kitwe
19%
671k Huambo
16%
1.71m Matola
16%
828k Lubango
15%
848k Nampula
12%
3.89m Ekurhuleni
3%
665k Malanje
3%
774k Emfuleni
1%
853k Soshanguve
1%
898k West Rand
1%
No matching quizzes found
Score Distribution
Percent of People with Each Score
Percentile by Number Answered
Your Score History
You have not taken this quiz